000
00329 a2200169 4500
001
168751
020
_a
978-85-02-09369-0
040
_c
Magnum
100
_a
Groto, Robson
240
1
0
_a
Química 3
_l
por
245
1
0
_a
Química 3
300
_a
304
362
0
_a
2010
440
1
_a
Atual
697
_a
QUÍMICA
942
_c
BK
999
_c
168751
_d
168751